The Mixed Railway Trivia - Statistics

General Stats
  • This quiz has been taken 37 times
  • The average score is 8 of 15
Answer Stats
Questions Answer % Correct
Japanese name of the bullet train Shinkansen
94%
The Japanese bullet train was constructed to connect which two cities ? Tokyo
94%
In France the above are called TGV
90%
A famous train between Paris and Istanbul Orient Express
81%
Osaka
81%
Most of the existing Railway lines are in these gauge Standard Gauge
71%
The World's fastest train connects this City's suburb with its Airport Shanghai
68%
The world's largest tram System with over 250 km of tram tracks is in this city Melbourne
61%
In which year the 1st train ran on our planet ? 1804
35%
When did the first transcontinental railroad opened ? 1869
35%
Which is the World's largest Railway Station by the number of platforms ? Grand Central Terminal, New York City
29%
The father of Railways George Stephenson
26%
A famous train which runs from Perth to Sydney Indian Pacific
26%
Which Scottish engineer is regarded as the inventor of steam engine ? James Watt
23%
The largest city by population which doesn't have any rapid transit Jakarta
6%
No matching quizzes found
Score Distribution
Percent of People with Each Score
Percentile by Number Answered
Your Score History
You have not taken this quiz